Language Quiz

Random Language or Numbers Quiz

Idioms: One or Two Quiz Stats

 Plays Quiz Updated Jul 27, 2017

Support Sporcle.
Go Orange.
Score 0/28 Timer 02:00
3 Plays Today
% Correct
One
95.3%
One
95%
Two
94.8%
One
94.6%
Two
94.5%
One
94.4%
One
94.3%
One
93.9%
Two
93.8%
Two
93.6%
Two
93.4%
One
92.9%
Two
92.5%
Two
92.4%
% Correct
One
90%
One
88.2%
Two
87.4%
Two
87.4%
One
86.5%
Two
86.1%
Two
86.1%
One
85.4%
One
85.2%
One
84.4%
Two
76.5%
Two
75.1%
One
57.8%
Two
42.2%

You're not logged in!

Compare scores with friends on all Sporcle quizzes.
OR
Log In
Forgot?

From the Vault

Fruit Close-Up

by puckett86

This is all you would see if you were hit by flying fruit.
Remove Ads.
Support Sporcle.
Get the best of Sporcle when you Go Orange. This ad-free experience offers more features, more stats, and more fun while also helping to support Sporcle. Thank you for becoming a member.

Show Comments

Extras

Top Quizzes Today


Score Distribution

Your Account Isn't Verified!

In order to create a playlist on Sporcle, you need to verify the email address you used during registration. Go to your Sporcle Settings to finish the process.

Report this User

Report this user for behavior that violates our Community Guidelines.

Details: